[Event "V Abierto Ciudad de Dos Hermanas"]
[Site "?"]
[Date "2006.03.30"]
[Round "1"]
[White "Korneev, O."]
[Black "Hurtado Rueda, M."]
[Result "1-0"]
[WhiteElo "2649"]
[BlackElo "2029"]
[PlyCount "65"]
[EventDate "2006.03.30"]
[SourceDate "2006.03.30"]

1. e4 c5 2. Nf3 Nc6 3. d4 cxd4 4. Nxd4 d6 5. Nc3 Nf6 6. Bg5 e6 7. Qd2 a6 8.
O-O-O h6 9. Be3 Bd7 10. f3 Be7 11. Kb1 b5 12. Nxc6 Bxc6 13. Ne2 Rc8 14. Nd4 O-O
15. g4 e5 $6 16. Nxc6 Rxc6 17. h4 Nd7 18. g5 h5 {Diagrama #} 19. g6 Qc7 (19...
fxg6 20. Qd5+) (19... Nb6) 20. gxf7+ Rxf7 21. Bh3 Nf8 22. Bf5 g6 23. Rdg1 d5 (
23... Kh7 24. Rxg6 $1 Nxg6 25. Bxg6+ Kxg6 26. Qg2+ Kh7 27. Rg1 $18) 24. exd5
$18 Rxf5 25. dxc6 Qxc6 26. f4 Bf6 27. fxe5 Bxe5 28. Rd1 Qe4 29. Bg5 Bf4 30.
Bxf4 Rxf4 31. Rhe1 Qf5 32. a3 Rxh4 33. Rf1 1-0

[Event "V Abierto Ciudad de Dos Hermanas"]
[Site "?"]
[Date "2006.03.30"]
[Round "1"]
[White "Cheparinov, I."]
[Black "Fernandez Borrachero, E."]
[Result "1-0"]
[WhiteElo "2625"]
[BlackElo "1965"]
[PlyCount "39"]
[EventDate "2006.03.30"]
[SourceDate "2006.03.30"]

1. c4 e5 2. Nc3 Nc6 3. Nf3 Bb4 4. Nd5 Ba5 5. a3 Bb6 6. b4 e4 7. c5 exf3 8. cxb6
axb6 9. Bb2 {Diagrama #} Qg5 $2 (9... fxg2 10. Bxg2 f6) 10. Nxc7+ Kd8 11. Nxa8
fxg2 12. Rg1 gxf1=Q+ 13. Kxf1 Qf5 14. Bxg7 Ne5 15. Bxh8 Ng4 16. f3 Nxh2+ 17.
Ke1 Ne7 18. Rc1 Qh5 19. Bf6 Ke8 20. Rg8+ 1-0

[Event "V Abierto Ciudad de Dos Hermanas"]
[Site "?"]
[Date "2006.03.30"]
[Round "1"]
[White "Gavira Galocha, A."]
[Black "Illescas Cordoba, M."]
[Result "0-1"]
[WhiteElo "1956"]
[BlackElo "2608"]
[PlyCount "54"]
[EventDate "2006.03.30"]
[SourceDate "2006.03.30"]

1. d4 Nf6 2. Nf3 g6 3. Bf4 Bg7 4. e3 O-O 5. Be2 d6 6. O-O Nh5 7. Bg3 Nxg3 8.
hxg3 Nd7 9. Nbd2 e5 10. c3 Qe7 11. Qc2 Nf6 12. dxe5 dxe5 13. e4 b6 14. Rfe1 Bb7
15. Bf1 Ng4 16. Nh4 Rad8 17. Nc4 a5 18. Ne3 Nf6 19. Nc4 Rd7 20. Nf3 Ng4 21. Ne3
h5 22. Bc4 Rfd8 23. Nd5 Qc5 24. Bb3 c6 25. Ne3 Bh6 26. Nf1 Ba6 {Diagrama #} 27.
Rac1 $2 Bd3 0-1

[Event "V Abierto Ciudad de Dos Hermanas"]
[Site "?"]
[Date "2006.03.30"]
[Round "1"]
[White "Gonzalez Lopez, J."]
[Black "Epishin, V."]
[Result "0-1"]
[WhiteElo "1880"]
[BlackElo "2553"]
[PlyCount "30"]
[EventDate "2006.03.30"]
[SourceDate "2006.03.30"]

1. d4 Nf6 2. c4 d6 3. Nf3 g6 4. Nc3 Bf5 5. e3 Bg7 6. Bd3 Bxd3 7. Qxd3 Nbd7 8.
O-O O-O 9. e4 e5 10. d5 Nh5 11. Be3 f5 12. Ng5 f4 13. Ne6 Qh4 {Diagrama #} 14.
g3 (14. Bd2 Nc5 15. Nxc5 dxc5) 14... Qh3 15. gxf4 (15. f3 fxe3 16. Nxf8 Rxf8
17. Qxe3 Nxg3 18. hxg3 Qxg3+ 19. Kh1 Rf4) 15... exf4 0-1

[Event "V Abierto Ciudad de Dos Hermanas"]
[Site "?"]
[Date "2006.03.30"]
[Round "1"]
[White "Krivoshey, S."]
[Black "Vazquez Gonzalez, R."]
[Result "1-0"]
[WhiteElo "2553"]
[BlackElo "1861"]
[PlyCount "37"]
[EventDate "2006.03.30"]
[SourceDate "2006.03.30"]

1. Nf3 Nf6 2. c4 e6 3. Nc3 g6 4. d4 Bg7 5. e4 O-O 6. Bd3 d6 7. h3 b6 8. Bg5 Qe8
9. Qd2 Bb7 10. O-O-O Nbd7 11. e5 Nh5 12. Be2 Bh8 {Diagrama #} (12... dxe5) 13.
g4 Ng7 14. Bf6 Qc8 15. Qh6 Nxf6 16. exf6 Ne8 17. g5 c5 18. d5 Nc7 19. Rhg1 1-0

[Event "V Abierto Ciudad de Dos Hermanas"]
[Site "?"]
[Date "2006.03.30"]
[Round "1"]
[White "Khamrakulov, I."]
[Black "Panadero Gallardo, F."]
[Result "1-0"]
[WhiteElo "2499"]
[BlackElo "1774"]
[PlyCount "52"]
[EventDate "2006.03.30"]
[SourceDate "2006.03.30"]

1. e4 e5 2. Nf3 Nc6 3. d4 exd4 4. Nxd4 Nf6 5. Nxc6 bxc6 6. Nd2 d6 7. Bd3 Be7 8.
O-O O-O 9. h3 Re8 10. Nf3 Nd7 11. Be3 Bf6 12. c3 Qe7 13. Qa4 Bb7 14. Rfe1 a5
15. Rad1 c5 16. Nd2 Nb6 17. Qc2 Ba6 18. Bxa6 Rxa6 19. Bf4 Nd7 20. Nc4 Ne5 21.
Ne3 g6 22. Nd5 Qd8 23. Qa4 {Diagrama #} Ra8 $2 24. Qxe8+ Qxe8 25. Nxf6+ Kg7 26.
Nxe8+ Rxe8 1-0

[Event "V Abierto Ciudad de Dos Hermanas"]
[Site "?"]
[Date "2006.03.30"]
[Round "1"]
[White "Paez Moguer, F."]
[Black "Lalic, B."]
[Result "0-1"]
[WhiteElo "1764"]
[BlackElo "2488"]
[PlyCount "58"]
[EventDate "2006.03.30"]
[SourceDate "2006.03.30"]

1. d4 d5 2. Nf3 Nf6 3. g3 e6 4. Bg2 b5 5. O-O c5 6. c3 Nbd7 7. Nbd2 Be7 8. Re1
Bb7 9. a4 b4 10. cxb4 cxd4 11. Nxd4 Bxb4 12. Nc2 Be7 13. e4 Nc5 14. exd5 Bxd5
15. Bxd5 Qxd5 16. Qf3 Rc8 17. Qxd5 Nxd5 18. Ne3 Nd3 19. Rd1 Nxe3 20. fxe3 O-O
21. Ne4 Rfd8 22. Nf2 Ne5 23. Rxd8+ Bxd8 24. b3 Rc2 {Diagrama #} 25. Rb1 (25.
Ba3 Bg5 26. Rc1 Nf3+ 27. Kh1 Nd4) 25... h5 26. h3 Bc7 27. g4 hxg4 28. hxg4 Bd8
29. Bb2 Nf3+ 0-1

[Event "V Abierto Ciudad de Dos Hermanas"]
[Site "?"]
[Date "2006.03.30"]
[Round "1"]
[White "Handke, F."]
[Black "Rodriguez Henandez, J."]
[Result "1-0"]
[WhiteElo "2474"]
[BlackElo "1737"]
[PlyCount "69"]
[EventDate "2006.03.30"]
[SourceDate "2006.03.30"]

1. e4 e5 2. Nf3 Nc6 3. Bb5 a6 4. Ba4 d6 5. Bxc6+ bxc6 6. d4 exd4 7. Qxd4 Nf6 8.
e5 Nd5 9. O-O Be6 10. exd6 cxd6 11. Re1 Nf6 12. Qa4 Qd7 13. Nd4 {Diagrama #} c5
14. Nxe6 fxe6 15. Rxe6+ Kd8 16. Qa5+ Qc7 17. Qe1 Be7 18. Bg5 Rf8 19. Nc3 Ra7
20. Rd1 Rf7 21. Bxf6 Rxf6 22. Nd5 Rxe6 23. Qxe6 Qd7 24. Qg8+ Qe8 25. Qxg7 h5
26. Qc3 Qc6 27. Qh8+ Qe8 28. Qxe8+ Kxe8 29. Re1 Kf7 30. Rxe7+ Rxe7 31. Nxe7
Kxe7 32. f4 d5 33. Kf2 Ke6 34. Kf3 Kf5 35. g3 1-0

[Event "V Abierto Ciudad de Dos Hermanas"]
[Site "?"]
[Date "2006.03.30"]
[Round "1"]
[White "Figuereo Aguilar, L."]
[Black "Colovic, A."]
[Result "0-1"]
[WhiteElo "1682"]
[BlackElo "2459"]
[PlyCount "58"]
[EventDate "2006.03.30"]
[SourceDate "2006.03.30"]

1. e4 c5 2. Nf3 e6 3. c3 Nf6 4. e5 Nd5 5. d4 cxd4 6. cxd4 d6 7. Bb5+ Bd7 8.
Bxd7+ Nxd7 9. O-O Qc7 10. Bg5 dxe5 11. dxe5 Bc5 {Diagrama #} 12. Kh1 Nxe5 13.
Nbd2 O-O 14. Rc1 Nd3 15. Rc2 N3b4 16. Rc4 b5 17. Re4 Nd3 18. Qb3 Nxf2+ 19. Rxf2
Bxf2 20. g3 h6 21. Bf4 Nxf4 22. Rxf4 Rfd8 23. Kg2 Bb6 24. Re4 Qc6 25. Kh3 Ba5
26. Re2 Bxd2 27. Nxd2 Qc1 28. Nf3 Qf1+ 29. Rg2 Rd3 0-1

[Event "V Abierto Ciudad de Dos Hermanas"]
[Site "?"]
[Date "2006.03.30"]
[Round "1"]
[White "Tissir, M."]
[Black "Linares Andres, A."]
[Result "1-0"]
[WhiteElo "2444"]
[BlackElo "1620"]
[PlyCount "45"]
[EventDate "2006.03.30"]
[SourceDate "2006.03.30"]

1. e4 e5 2. Nf3 Nc6 3. Bc4 Nf6 4. d3 Be7 5. O-O O-O 6. Re1 d6 7. c3 Bg4 8. Nbd2
a6 9. Bb3 Na5 10. Bc2 b5 11. Nf1 Re8 12. h3 Bd7 13. N3h2 Nb7 14. f4 Bc6 15. Ng3
a5 16. Rf1 Nc5 17. Nf5 h6 18. Ng4 {Diagrama #} Kh7 19. fxe5 dxe5 20. Nxe7 Qxe7
21. Nxf6+ gxf6 22. Qh5 Qf8 23. Rxf6 1-0

[Event "V Abierto Ciudad de Dos Hermanas"]
[Site "?"]
[Date "2006.03.30"]
[Round "1"]
[White "Aranaz Murillo, A."]
[Black "Carlsson, P."]
[Result "0-1"]
[WhiteElo "1522"]
[BlackElo "2430"]
[PlyCount "26"]
[EventDate "2006.03.30"]
[SourceDate "2006.03.30"]

1. c4 e5 2. Nc3 Bb4 3. Nf3 Bxc3 4. dxc3 Nc6 5. g3 Nge7 6. Bg2 O-O 7. O-O d6 8.
Be3 b6 9. Qc2 Bf5 10. Qa4 Qd7 11. Rfd1 Bh3 {Diagrama #} 12. Bh1 Nd4 13. Nxd4
Qxa4 0-1

[Event "V Abierto Ciudad de Dos Hermanas"]
[Site "?"]
[Date "2006.03.30"]
[Round "1"]
[White "Perez, R."]
[Black "Velasco Urtiaga, D."]
[Result "1-0"]
[WhiteElo "2425"]
[BlackElo "1497"]
[PlyCount "47"]
[EventDate "2006.03.30"]
[SourceDate "2006.03.30"]

1. e4 d6 2. d4 Nf6 3. Nc3 g6 4. Nf3 Bg7 5. Be2 O-O 6. O-O a6 7. Re1 b5 8. e5
Ng4 9. Bg5 b4 10. Nd5 {Diagrama #} Re8 (10... Nc6 $16) 11. h3 c6 12. Nxe7+ Rxe7
13. Bxe7 Nxf2 14. Bxd8 Nxd1 15. Raxd1 dxe5 16. Nxe5 Bf5 17. Bf3 Bxc2 18. Rd2
Ba4 19. d5 Bxe5 20. Rxe5 Nd7 21. Re8+ Kg7 22. dxc6 Rxd8 23. Rxd8 Ne5 24. c7 1-0

[Event "V Abierto Ciudad de Dos Hermanas"]
[Site "?"]
[Date "2006.03.30"]
[Round "1"]
[White "Martin Rodriguez, J."]
[Black "Milov, V."]
[Result "0-1"]
[WhiteElo "1974"]
[BlackElo "2638"]
[PlyCount "96"]
[EventDate "2006.03.30"]
[SourceDate "2006.03.30"]

1. d4 Nf6 2. Nf3 g6 3. c4 Bg7 4. Nc3 O-O 5. e3 d6 6. Be2 Qe8 7. O-O e5 8. dxe5
dxe5 9. Qc2 e4 10. Nd4 Qe5 11. Rd1 Na6 12. a3 Ng4 13. Bxg4 Bxg4 14. Nde2 Nc5
15. Rd5 Qe7 16. Ng3 c6 17. Rxc5 Qxc5 18. Ncxe4 Qe7 19. Bd2 Rad8 20. Bb4 Qe5 21.
Bc3 Qe6 22. Bxg7 Kxg7 23. c5 Rd5 24. Nd6 Qe5 25. Rc1 Rd8 26. h3 Be6 27. e4
R5xd6 28. cxd6 Rxd6 29. Re1 c5 30. Re3 Qd4 31. Kh2 c4 32. Re2 Qe5 33. Rd2 Rb6
34. Kg1 c3 35. bxc3 Rb3 36. Rd4 Rxa3 37. Qd2 Qc5 38. Ne2 b5 39. Qf4 Bc4 {
Diagrama #} 40. e5 (40. Ng3) 40... Qe7 41. Ng3 (41. Re4 Bxe2 42. Rxe2 Rxc3)
41... Rxc3 42. Ne4 Rd3 43. Nd6 Rxd4 44. Qxd4 Qe6 45. f4 a6 46. g4 Qd5 47. Qf2
Qd1+ 48. Kh2 Qe2 0-1

[Event "V Abierto Ciudad de Dos Hermanas"]
[Site "?"]
[Date "2006.03.31"]
[Round "2"]
[White "Milov, V."]
[Black "Rincon Bascon, J."]
[Result "1-0"]
[WhiteElo "2638"]
[BlackElo "2166"]
[PlyCount "71"]
[EventDate "2006.03.30"]
[SourceDate "2006.03.30"]

1. d4 Nf6 2. c4 c5 3. d5 b5 4. Nf3 g6 5. cxb5 a6 6. b6 d6 7. Nc3 Bg7 8. e4 O-O
9. a4 Qxb6 10. Nd2 (10. a5 Qb4 11. Ra4 Qb7 12. h3 Bd7 13. Ra3 Qb4 14. Nd2 Nh5
15. g4 Nf4 16. Rb3 Qd4 17. Qf3 e5 18. Nc4 f5 19. gxf5 gxf5 20. Rg1 fxe4 21.
Rxg7+ Kxg7 22. Qg3+ Kh8 23. Be3 Bf5 24. Nxd6 Nd7 25. Bxd4 cxd4 26. Nxf5 Rxf5
27. Nxe4 Rg8 28. Rb7 Rxg3 29. fxg3 {
1-0 Piket,J-Christiansen,L/Cannes 1992/CBM 028 (29)}) 10... Nbd7 11. a5 Qc7 (
11... Qb4 12. Ra4 Qb8 13. f4 e6 14. Bc4 exd5 15. Nxd5 Re8 16. Nxf6+ Nxf6 17.
O-O Bb7 18. Qb3 Re7 19. Bd3 Bc6 20. Qxb8+ Rxb8 21. Ra3 Nxe4 22. Nxe4 Bxe4 23.
Bxa6 Bxb2 24. Bxb2 Rxb2 25. Bc4 d5 26. Ba2 Rxg2+ {
0-1 Slupik,C-Moreto Quintana,A/Dos Hermanas 2004/CBM 099 ext (26).}) 12. Be2
Rb8 13. O-O Ne8 14. Nc4 Ne5 15. Nb6 f5 16. exf5 Bxf5 17. Be3 {Diagrama #} c4 $6
(17... Qb7) 18. Ra4 $16 Nf6 19. Bxc4 Nfd7 $2 (19... Nxc4 20. Rxc4 Qb7) 20. Bxa6
$18 Nc5 21. Nb5 Qd8 22. Bxc5 dxc5 23. Na3 Qc7 24. Bc4 Kh8 25. Nb5 Qd8 26. d6
Nxc4 27. Rxc4 exd6 28. Nxd6 Bd4 29. Nxf5 Rxf5 30. Rc2 Qd6 31. Re2 Rbf8 32. Qe1
Qf4 33. Re8 Bxb2 34. Rxf8+ Rxf8 35. a6 Qf6 36. Nd7 1-0

[Event "V Abierto Ciudad de Dos Hermanas"]
[Site "?"]
[Date "2006.03.31"]
[Round "2"]
[White "Vega Gutierrez, B."]
[Black "Cheparinov, I."]
[Result "0-1"]
[WhiteElo "2117"]
[BlackElo "2625"]
[PlyCount "50"]
[EventDate "2006.03.30"]
[SourceDate "2006.03.30"]

1. e4 e5 2. Nf3 Nc6 3. Bb5 a6 4. Ba4 Nf6 5. O-O Be7 6. Re1 b5 7. Bb3 d6 8. c3
O-O 9. h3 Bb7 10. d3 Nb8 11. Nbd2 Nbd7 12. Nf1 Nc5 13. Bc2 Re8 14. Ng3 Bf8 15.
b4 Ncd7 16. d4 a5 17. Qd3 axb4 18. cxb4 exd4 19. Nxd4 d5 {Diagrama #} 20. Bg5
$2 (20. Rd1 dxe4 21. Qxb5 $11) (20. Qxb5 Ba6 21. Qc6 Bxb4 $17) 20... Bxb4 21.
Re3 c5 22. Nxb5 d4 23. Re2 Ne5 24. Qb3 d3 25. Bxf6 Qxf6 0-1

[Event "V Abierto Ciudad de Dos Hermanas"]
[Site "?"]
[Date "2006.03.31"]
[Round "2"]
[White "Illescas Cordoba, M."]
[Black "Montero Campuzano, R."]
[Result "1-0"]
[WhiteElo "2608"]
[BlackElo "2121"]
[PlyCount "53"]
[EventDate "2006.03.30"]
[SourceDate "2006.03.30"]

1. d4 Nf6 2. Nf3 e6 3. c4 d5 4. Nc3 Be7 5. Bg5 h6 6. Bh4 O-O 7. e3 a6 8. Qc2
Nbd7 9. cxd5 exd5 10. Bd3 c6 11. O-O Ne8 12. Bg3 Ndf6 13. h3 Nd6 14. Ne5 Be6
15. b3 Rc8 16. Bh2 c5 17. dxc5 Rxc5 18. Qb2 b5 19. Ne2 Qb6 20. Nd4 Rfc8 21. Ng6
Bd8 22. Nxe6 fxe6 23. Be5 {Diagrama #} Qb8 $6 (23... R5c6 24. Rac1 Nde4 $14)
24. Nf4 Kf7 25. Qe2 Bc7 $2 (25... R5c6 $16) 26. Bxf6 gxf6 27. Qg4 1-0

[Event "V Abierto Ciudad de Dos Hermanas"]
[Site "?"]
[Date "2006.03.31"]
[Round "2"]
[White "Spraggett, K."]
[Black "Pereira Figueroa, M."]
[Result "1-0"]
[WhiteElo "2581"]
[BlackElo "2113"]
[PlyCount "87"]
[EventDate "2006.03.30"]
[SourceDate "2006.03.30"]

1. e4 e6 2. d4 d5 3. Nc3 Bb4 4. e5 c5 5. a3 Ba5 6. Bd2 Nc6 7. Qg4 Nge7 8. dxc5
Nxe5 (8... O-O 9. f4 f6 10. Nf3 fxe5 11. fxe5 d4 12. Ne4 Ng6 13. Qg3 Qd5 14.
Bd3 Bxd2+ 15. Nexd2 Ncxe5 16. Nxe5 Qxe5+ 17. Qxe5 Nxe5 18. Be4 Nd7 19. b4 a5
20. Ke2 Nf6 21. Bf3 e5 22. Ne4 axb4 23. Nxf6+ gxf6 24. axb4 Rb8 25. Ra7 Re8 26.
Bd5+ Be6 27. Bxb7 Re7 28. c6 Bc8 29. Ra8 Rxa8 30. Bxa8 Ra7 31. Bb7 Bxb7 32. Ra1
Bxc6 33. Rxa7 e4 34. Ra5 Kf7 35. Rc5 Ba4 36. b5 Ke6 37. b6 Kd6 38. b7 Kxc5 39.
b8=Q Bxc2 40. Kd2 Bd3 41. Qc7+ Kd5 42. Qxh7 {
1-0 Spraggett,K-De la Villa Garcia,J/Andorra 2005/CBM 107 ext (42).}) 9. Qxg7
N5g6 10. Qf6 (10. Bd3 Rg8 11. Qxh7 Ne5 12. Nf3 Bxc3 13. Bxc3 Nxf3+ 14. gxf3 d4
15. O-O-O e5 16. Rhe1 Qd5 17. Bxd4 {
1-0 Lopez Gracia,F-Heran,R/France 2003/EXT 2005 (17).}) 10... Nf5 11. Qxd8+
Bxd8 12. Bd3 $16 Nd4 13. Nge2 Bf6 14. f4 Nxe2 15. Bxe2 Bd7 16. O-O-O O-O-O 17.
g3 Bc6 18. Rhe1 {Diagrama #} Kb8 (18... Bd4 $5 19. b4 Ne7) 19. Bh5 Rhf8 20. Na2
Ne7 21. Nb4 Bd7 (21... Bb5) 22. Nd3 Nc6 23. Ne5 Nxe5 24. fxe5 Be7 25. b4 $18 f5
26. exf6 Bxf6 27. Bh6 Rg8 28. Bf7 Bg5+ 29. Bxg5 Rxg5 30. Bxe6 Bxe6 31. Rxe6 Rd7
32. Rf1 Kc7 33. Rf4 Rh5 34. h4 Rg7 35. Re3 a5 36. Kb2 axb4 37. axb4 b6 38.
cxb6+ Kxb6 39. Kb3 Kb5 40. c3 Rg6 41. Rd4 Rg7 42. g4 Rxh4 43. Re6 Rg5 44. Rxd5+
1-0

[Event "V Abierto Ciudad de Dos Hermanas"]
[Site "?"]
[Date "2006.03.31"]
[Round "2"]
[White "Gonzalez Marquez, A."]
[Black "Krivoshey, S."]
[Result "0-1"]
[WhiteElo "2067"]
[BlackElo "2553"]
[PlyCount "62"]
[EventDate "2006.03.30"]
[SourceDate "2006.03.30"]

1. e4 d5 2. exd5 Nf6 3. d4 Bg4 4. Be2 Bxe2 5. Nxe2 Qxd5 6. O-O Nc6 7. c3 O-O-O
8. Na3 (8. Qb3 e5 9. Be3 exd4 10. Qxd5 Nxd5 11. cxd4 Be7 12. Nbc3 Rhe8 13. Nxd5
Rxd5 14. Nc3 Rd7 15. Rac1 a6 16. Rfd1 Red8 17. Ne2 Bf6 18. Rc4 Rd6 19. a4 b5
20. axb5 axb5 21. Rc5 Nxd4 22. Nxd4 Bxd4 23. Bxd4 Rxd4 24. Rxd4 Rxd4 25. Kf1
Rb4 26. Rc2 Kb7 27. Ke2 Rb3 28. Kd2 c5 29. Kc1 Kc6 30. Rd2 Rb4 31. Re2 Rc4+ 32.
Kb1 Rd4 33. Kc2 Rd6 34. Kc3 Re6 35. Rd2 Re1 36. Kc2 g5 37. h3 h5 38. Kb3 h4 39.
Kc2 f5 40. f3 c4 41. Rf2 f4 42. Kd2 Re3 43. Rf1 Kc5 44. Ra1 Kb4 45. Ra8 Kb3 46.
Rb8 Re5 47. Kc1 b4 48. Rb7 Re2 {0-1 Neves,J-Santos,C/Lisbon 1993/EXT 97 (48).})
8... e5 $15 9. c4 (9. Nc2) 9... Qe4 $17 10. f3 Qh4 11. g3 Qh3 12. d5 Bc5+ 13.
Kh1 Nb4 (13... h5 $5) 14. Ng1 Qf5 15. Qe2 Qd3 16. Re1 Qxe2 17. Rxe2 c6 18. Be3
Bxe3 19. Rxe3 Rhe8 20. dxc6 bxc6 21. Re2 e4 22. f4 $6 (22. fxe4 Rxe4 23. Rxe4
Nxe4 24. Nf3 $17) 22... Rd4 23. b3 Red8 24. Nc2 (24. Kg2) 24... Nxc2 $19 25.
Rxc2 Rd2 26. Rxd2 Rxd2 27. Re1 Rxa2 28. Ne2 Ng4 29. Kg1 f5 30. Nd4 Nxh2 31. Rd1
g6 0-1

[Event "V Abierto Ciudad de Dos Hermanas"]
[Site "?"]
[Date "2006.03.31"]
[Round "2"]
[White "Campora Sivori, D."]
[Black "Oviedo Rodriguez, M."]
[Result "1-0"]
[WhiteElo "2541"]
[BlackElo "2076"]
[PlyCount "47"]
[EventDate "2006.03.30"]
[SourceDate "2006.03.30"]

1. e4 e5 2. Nf3 Nc6 3. Bc4 Bc5 4. c3 Nf6 5. d4 exd4 6. cxd4 Bb4+ 7. Nc3 Nxe4 8.
O-O Bxc3 9. d5 Bf6 10. Re1 Ne7 11. Rxe4 d6 12. Bg5 Bxg5 13. Nxg5 h6 14. Qe2 Bf5
15. Re3 Kf8 16. Nf3 {Diagrama #} Qd7 $6 (16... Ng6 17. Nd4 Bd7 18. Ne6+ fxe6
19. dxe6 Bc6 20. e7+ Nxe7 21. Re1 Nf5 22. Qh5 Qf6 23. Re6 Qf7 24. Re8+ Bxe8 25.
Bxf7 Bxf7 26. Qxf5 Rd8 27. Re3 Kg8 28. Re7 Rf8 29. b3 h5 30. Qg5 Rh6 31. Rxc7
Rg6 32. Qd2 Rb8 33. Qd4 a6 34. Rd7 d5 35. h3 b6 36. Qf4 Rf8 37. Rb7 b5 38. Rb8
Rxb8 39. Qxb8+ Kh7 40. Qe5 Re6 41. Qf5+ Kg8 42. Kh2 Rf6 43. Qc8+ Kh7 44. Qc2+
g6 45. Kg1 Re6 46. Qd2 Rc6 47. g3 Be6 48. Kh2 Kg8 49. h4 Kf7 50. Qf4+ Bf5 51.
f3 Rc2+ 52. Kg1 Ke6 53. Qe3+ Kd6 54. Qb6+ Rc6 55. Qd4 Rc1+ 56. Kf2 Rc2+ 57. Ke3
Rxa2 58. Kf4 Rc2 59. Kg5 Rc8 60. Qf6+ Kc5 61. g4 hxg4 62. fxg4 Bd7 63. Qxg6 d4
64. h5 Rc6 65. Qd3 Re6 66. Qf5+ Kd6 67. Qf4+ Kd5 68. h6 Re3 69. h7 Rh3 70. Qf8
d3 71. h8=Q Rxh8 72. Qxh8 d2 73. Qd8 Kc6 74. Qf6+ Kd5 75. Qf3+ Kd4 76. Kf4 {
1-0 Mueller,M-Hartmann,K/Germany 1987/EXT 97-B (76).}) (16... c6 17. Re1 Nxd5
18. Bxd5 cxd5 19. Nd4 Be4 20. Kh1 Qf6 21. Nb5 Kg8 22. f3 Bg6 23. Nc7 d4 24. Rb3
Rb8 25. Nd5 Qg5 26. Rb5 Kh7 27. f4 Qd8 28. g4 Qd7 29. Rb3 Rhe8 30. Ne7 d3 31.
Rxd3 Rxe7 32. Re3 Qc6+ 33. Kg1 Qc5 34. Kf1 Rxe3 35. Qxe3 Qxe3 36. Rxe3 Bb1 37.
a3 Kg6 38. Re1 Ba2 39. Re7 Kf6 40. Rd7 Ke6 41. Rc7 g6 42. Kf2 Kf6 43. Ke3 Re8+
44. Kd3 Re7 45. Rc2 Bb1 {0-1 Klassmann,H-Comp XY/Cologne 1987/EXT 2002 (45).})
17. Nd4 Bg6 18. Re1 $18 Nf5 19. Bb5 c6 20. dxc6 Nxd4 21. cxd7 Nxe2+ 22. R1xe2
f5 23. Re8+ Kf7 24. Rxh8 1-0

[Event "V Abierto Ciudad de Dos Hermanas"]
[Site "?"]
[Date "2006.03.31"]
[Round "2"]
[White "Corbalan Gomez, J."]
[Black "Dizdar, G."]
[Result "0-1"]
[WhiteElo "2057"]
[BlackElo "2531"]
[PlyCount "44"]
[EventDate "2006.03.30"]
[SourceDate "2006.03.30"]

1. e4 e6 2. d4 d5 3. Nc3 Bb4 4. Qg4 Nf6 5. Qxg7 Rg8 6. Qh6 Rg6 7. Qe3 c5 8. e5
Ng4 9. Qd2 cxd4 10. Qxd4 Qa5 11. Bd2 Nc6 {Diagrama #} 12. Bb5 $2 (12. Qf4 Ngxe5
) 12... Bd7 13. Bxc6 Bxc6 14. Nh3 O-O-O 15. O-O Nxe5 16. Ng5 Nc4 17. a3 Be7 18.
Nxf7 Rf8 19. Ne5 Nxe5 20. Qxe5 d4 21. Qxa5 Rxg2+ 22. Kh1 Bf3 0-1

[Event "V Abierto Ciudad de Dos Hermanas"]
[Site "?"]
[Date "2006.03.31"]
[Round "2"]
[White "Reina Aguilar, M."]
[Black "Matamoros, C."]
[Result "0-1"]
[WhiteElo "2052"]
[BlackElo "2510"]
[PlyCount "46"]
[EventDate "2006.03.30"]
[SourceDate "2006.03.30"]

1. d4 Nf6 2. c4 g6 3. Nc3 Bg7 4. e4 d6 5. f4 c5 6. d5 O-O 7. Nf3 e6 8. Be2 exd5
9. cxd5 Nbd7 10. O-O Re8 11. Nd2 c4 12. Bf3 b5 13. Kh1 Rb8 14. g4 b4 15. Ne2
Nc5 16. Nxc4 Nfxe4 17. Ng3 Ba6 {Diagrama #} 18. Qc2 (18. Be2 Qh4 19. Kg2 Nxg3
20. hxg3 Qe7 $19) 18... Rc8 19. Rb1 Nxg3+ 20. hxg3 Ne4 21. b3 Nxg3+ 22. Kg2
Nxf1 23. Kxf1 Qh4 0-1

[Event "V Abierto Ciudad de Dos Hermanas"]
[Site "?"]
[Date "2006.03.31"]
[Round "2"]
[White "Peña Dieguez, M."]
[Black "Khamrakulov, I."]
[Result "0-1"]
[WhiteElo "2041"]
[BlackElo "2499"]
[PlyCount "55"]
[EventDate "2006.03.30"]
[SourceDate "2006.03.30"]

1. Nf3 Nf6 2. c4 c5 3. b3 g6 4. Bb2 Bg7 5. g3 d6 6. d3 Nc6 7. Nbd2 O-O 8. Bg2
e5 9. O-O h6 10. Ne1 Be6 11. Nc2 Qd7 12. Re1 Bh3 13. Bh1 d5 14. Ne3 d4 15. Nd5
Nxd5 {Diagrama #} 16. cxd5 (16. Bxd5) 16... Nb4 17. Ba3 (17. d6) 17... Nxd5 18.
Qc1 Rac8 19. Qb2 b5 20. b4 c4 21. dxc4 bxc4 22. Ne4 f5 23. Nc5 Qf7 24. Rac1 c3
25. Qb3 e4 26. b5 Rfd8 27. Qa4 Nb6 28. Qa5 0-1

[Event "V Abierto Ciudad de Dos Hermanas"]
[Site "?"]
[Date "2006.03.31"]
[Round "2"]
[White "Lalic, B."]
[Black "Morales Cano, C."]
[Result "1-0"]
[WhiteElo "2488"]
[BlackElo "2050"]
[PlyCount "33"]
[EventDate "2006.03.30"]
[SourceDate "2006.03.30"]

1. Nf3 Nf6 2. c4 e6 3. Nc3 d5 4. d4 c6 5. e3 Nbd7 6. Bd3 Be7 7. O-O O-O 8. b3
Re8 9. Bb2 Bd6 10. Qc2 b6 11. e4 dxe4 12. Nxe4 {Diagrama #} Be7 $2 13. Ne5 Qc7
(13... Nxe5 14. dxe5 Nd7 15. Nd6) 14. Ng5 Nxe5 15. dxe5 Ng4 (15... Nd7 16.
Bxh7+ Kf8 17. Nxf7) 16. Bxh7+ Kf8 17. Nxf7 1-0

[Event "V Abierto Ciudad de Dos Hermanas"]
[Site "?"]
[Date "2006.03.31"]
[Round "2"]
[White "Perez Bello, C."]
[Black "Fernandez Romero, E."]
[Result "0-1"]
[WhiteElo "2009"]
[BlackElo "2460"]
[PlyCount "58"]
[EventDate "2006.03.30"]
[SourceDate "2006.03.30"]

1. Nf3 c5 2. g3 Nc6 3. Bg2 g6 4. e4 Bg7 5. O-O e5 6. d3 Nge7 7. Nbd2 O-O 8. c3
d6 9. Re1 h6 10. Nf1 Be6 11. h4 Qd7 12. N1h2 Kh7 13. Qd2 (13. Be3) 13... a5 14.
Qe3 Rg8 15. Nd2 f5 16. f4 Rae8 {Diagrama #} 17. Nc4 (17. fxe5 dxe5 18. Rf1)
17... fxe4 18. fxe5 Nf5 19. Qf2 Rgf8 20. Ng4 dxe5 21. Qxc5 Bxc4 22. dxc4 Nxg3
23. Bh3 Qd8 24. Bxh6 Bxh6 25. Nxh6 Qxh4 26. Kg2 Qxh6 27. Bd7 Rd8 28. Rad1 Nh5
29. Bg4 Qf4 0-1

[Event "V Abierto Ciudad de Dos Hermanas"]
[Site "?"]
[Date "2006.03.31"]
[Round "2"]
[White "Colovic, A."]
[Black "Zamudio Diaz, A."]
[Result "1-0"]
[WhiteElo "2459"]
[BlackElo "2010"]
[PlyCount "59"]
[EventDate "2006.03.30"]
[SourceDate "2006.03.30"]

1. e4 e6 2. Nc3 d5 3. d4 Bb4 4. e5 c5 5. a3 Bxc3+ 6. bxc3 Qc7 7. Nf3 b6 8. a4
Ba6 9. Bxa6 Nxa6 10. Qd3 Nb8 11. O-O Ne7 12. a5 bxa5 13. Ba3 Nd7 14. dxc5 Nc6
15. Rfe1 h6 16. Nd4 a6 17. Qg3 g6 18. Rad1 {Diagrama #} O-O-O $2 (18... Rc8)
19. Rb1 (19. Nxc6 Qxc6 20. Qf3 Rhf8 21. c4) 19... Ndxe5 20. Rxe5 Nxe5 21. Rb6
Kd7 $2 (21... Rd7) 22. Rd6+ Qxd6 23. cxd6 Rb8 24. h3 Rb1+ 25. Kh2 Nc4 26. Qf4
f5 27. Qh4 Rc8 28. Qf6 Nxd6 29. Qxg6 Ra1 30. Bxd6 1-0

[Event "V Abierto Ciudad de Dos Hermanas"]
[Site "?"]
[Date "2006.03.31"]
[Round "2"]
[White "Teran Alvarez, I."]
[Black "Velandrino, M."]
[Result "1-0"]
[WhiteElo "2446"]
[BlackElo "1997"]
[PlyCount "71"]
[EventDate "2006.03.30"]
[SourceDate "2006.03.30"]

1. c4 e5 2. g3 Nf6 3. Bg2 d5 4. cxd5 Nxd5 5. Nf3 Nc6 6. O-O Be7 7. d3 O-O 8.
Nc3 Nb6 9. Be3 Be6 10. a3 f6 11. Rc1 Nd5 12. Bd2 Nxc3 13. Bxc3 Qd7 14. Qc2 Kh8
15. Rfd1 Rac8 16. d4 exd4 17. Nxd4 {Diagrama #} Bd6 $2 (17... Nxd4 18. Bxd4)
18. Nxc6 bxc6 19. Bd4 c5 20. Bxc5 Qb5 21. b4 Bg4 22. Rd2 Bxc5 23. Qxc5 Qb6 24.
h3 Be6 25. Rd3 Rfe8 26. Re3 Kg8 27. Bc6 Qxc5 28. Rxc5 Re7 29. Bd5 Kf7 30. Rxe6
Rxe6 31. Rc6 Rce8 32. f4 f5 33. e4 g6 34. g4 Kf6 35. e5+ Kf7 36. Rxc7+ 1-0